000 01104nam a22003377a 4500
001 0024844
003 KOHA_MİRAKIL
005 20260207002451.0
007 ta
008 101112b2006 tu |||gr||||#||||0|tur |
020 _a9755919651
_c14,39
040 _aTR-BiSEU
_btur
_cTR-BiSEU
_erda
041 0 _atur
044 _ctu
050 _aQA614.86
_b.E23 2006
100 1 _aEdgar, Gerald A..
245 1 _aÖlçü, topoloji ve fraktal geometri/
_cGerald A. Edgar ; Gerald A. Edgar, J. H. Ewing, F. R. Halmos; çeviri H. Hilmi Hacısalihoğlu.
264 1 _aAnkara :
_bNobel Yayın Dağıtım
_c2006
300 _av, ii, 273 sayfa: resimli; 24 cm.
336 _ametin
_btxt
_2rdacontent
337 _aaracısız
_bn
_2rdamedia
338 _acilt
_bnc
_2rdacarrier
490 1 _aNobel ;
_vyayın no: 979.
490 1 _aMatematik yayınları dizisi ;
_v38.
500 _aKaynakça var.
650 0 _aÇözümsel topolojiler.
_950548
650 0 _aFraktallar.
_950549
830 1 _aNobel ;
_vyayın no: 979.
_91846
830 1 _aMatematik yayınları dizisi ;
_v38.
_92032
942 _2lcc
_cBK
999 _c24794
_d24794